kku e-library facility

Jawetz, Melnick and Adelberg's Medical Microbiology (Record no. 156)

MARC details
000 -LEADER
fixed length control field 00504nam a22001457a 4500
005 - DATE AND TIME OF LATEST TRANSACTION
control field 20260212141140.0
008 - FIXED-LENGTH DATA ELEMENTS--GENERAL INFORMATION
fixed length control field 260212b |||||||| |||| 00| 0 eng d
020 ## - INTERNATIONAL STANDARD BOOK NUMBER
International Standard Book Number 9781260012026
100 ## - MAIN ENTRY--PERSONAL NAME
Personal name Riedel Stefan. Morse A. Stephen. Mietzner A. Timothy. and Miller Steve.
245 ## - TITLE STATEMENT
Title Jawetz, Melnick and Adelberg's Medical Microbiology
Statement of responsibility, etc. /Stefan, Stephen, Timothy, Steve.
250 ## - EDITION STATEMENT
Edition statement 28th Edition
260 ## - PUBLICATION, DISTRIBUTION, ETC.
Place of publication, distribution, etc. New York;
Name of publisher, distributor, etc. McGraw-Hill Education;
Date of publication, distribution, etc. 2019
300 ## - PHYSICAL DESCRIPTION
Extent xi,867p, ill;
Dimensions 27.5cm
942 ## - ADDED ENTRY ELEMENTS (KOHA)
Source of classification or shelving scheme Library of Congress Classification
Suppress in OPAC No
Koha item type Books

No items available.

©2025 All rights reserved. KKU